000 00472cam a2200193ua 4500
001 5750
005 20260515113930.0
008 131025n ii |||gr||||Z||||||eng
040 _cMAIN
082 _a934
245 _aHistory of ancient India
_cby Hans Raj
250 _a1st ed.
260 _aDelhi:
_bSurjeet Publications,
_c1985.
300 _ax,216p.
653 _aIndia to 647
653 _aHistory of ancient India
700 _aRaj,Hans.,
_eAuthor.,
942 _cBK
999 _c4903
_d4903